00836 2200229 4500001002100000005001700021008004100038035002500079040001200104082001500116084002000131100001600151245017800167260007300345300003000418500006900448504002800517650001700545700001400562850001200576990001800588INLIS00000000000919820150807084937.0  a0010-081500000000636 aYOPDYOG 223a297.74 aSK 297.74 Elo P aELOK Faiqoh aPengaruh pesan dakwah bil qolam terhadap ibadah sholat pembaca majalah hidayahb( Studi pada pembaca di pesantren Nurussalam putri krapyak Propinsi Yogyakartac/ Elok Faiqoh aYogyakartabUniversitas Islam Negeri Sunan Kalijaga Yogyakartac2007 aix, 77 lembar. ; 29,5 cm. aSkripsi Program Studi Komunikasi Penyiaran Islam Fakultas Dakwah aBibliografi: hlm. 76-77 aDakwah Islam aMIKHRIANI aYOPDYOG a47459-PD/A.15